[Event "Bassano del Grappa Spring op"]
[Site "Bassano del Grappa"]
[Date "2023.03.15"]
[Round "1"]
[White "Ceres, Dragos"]
[Black "Marincolo, Piercarlo"]
[Result "1-0"]
[WhiteElo "2412"]
[BlackElo "1961"]
[PlyCount "67"]
[EventDate "2023.03.15"]
[EventType "swiss"]
[EventRounds "9"]
[EventCountry "ITA"]
[SourceTitle "EXT 2024"]
[Source "ChessBase"]
[SourceDate "2023.10.10"]
[SourceVersion "1"]
[SourceVersionDate "2023.10.10"]
[SourceQuality "1"]

1. e4 c5 2. Nf3 e6 3. d4 cxd4 4. Nxd4 a6 5. c4 Nf6 6. Nc3 Qc7 7. a3 Nc6 8. Be3 Be7 9. Be2 b6 10. 0-0 Bb7 11. f3 0-0 12. Rc1 Nxd4 13. Bxd4 Bd6 14. Kh1 Bf4 15. Rc2 e5 16. Bg1 Rac8 17. Na4 Qc6 18. Nxb6 Nh5 19. g4 Nf6 20. Nxc8 Rxc8 21. Bd3 h5 22. h3 hxg4 23. hxg4 Nh7 24. Bh2 Bxh2 25. Kxh2 Qh6+ 26. Kg2 d6 27. Kg3 Ng5 28. Rh1 Qg6 29. Qe2 Ne6 30. Qe3 Qf6 31. b4 Nf4 32. Bf1 Ne6 33. Qd2 g5 34. Be2 1-0

[Event "World Amateur-ch U2000"]
[Site "Cagliari"]
[Date "2018.04.28"]
[Round "8"]
[White "Ghanem, Khaled"]
[Black "Marincolo, Piercarlo"]
[Result "0-1"]
[WhiteElo "1820"]
[BlackElo "1998"]
[PlyCount "90"]
[EventDate "2018.04.22"]
[EventType "swiss"]
[EventRounds "9"]
[EventCountry "ITA"]
[SourceTitle "CBM 184 Extra"]
[Source "ChessBase"]
[SourceDate "2018.06.28"]
[SourceVersion "1"]
[SourceVersionDate "2018.06.28"]
[SourceQuality "1"]

1. Nf3 c5 2. c4 g6 3. g3 Bg7 4. Bg2 Nc6 5. Nc3 d6 6. 0-0 Bd7 7. e3 Nh6 8. d4 0-0 9. d5 Ne5 10. Nxe5 Bxe5 11. e4 Bg7 12. Bf4 Ng4 13. Qd2 Re8 14. Rac1 a6 15. h3 Ne5 16. Ne2 b5 17. Bxe5 Bxe5 18. f4 Bg7 19. b3 bxc4 20. bxc4 Rb8 21. Rb1 Qc7 22. Qd3 a5 23. Rxb8 Rxb8 24. Rb1 a4 25. a3 Rb2 26. Rxb2 Bxb2 27. Nc3 Qa5 28. Nb5 Qe1+ 29. Kh2 Qf2 30. Nc3 Qd4 31. Qxd4 cxd4 32. Nb5 d3 33. Bf3 f5 34. e5 dxe5 35. fxe5 Bxe5 36. Bd1 f4 37. gxf4 Bxf4+ 38. Kg2 Be3 39. Nc3 Bc5 40. Nxa4 Bxa3 41. h4 Kf7 42. Kf3 h5 43. Ke3 Bf5 44. c5 Ke8 45. Kd4 Kd8 0-1

[Event "World Amateur-ch U2000"]
[Site "Cagliari"]
[Date "2018.04.27"]
[Round "7"]
[White "Marincolo, Piercarlo"]
[Black "Mkhumba, Hope"]
[Result "1-0"]
[WhiteElo "1998"]
[BlackElo "1676"]
[PlyCount "59"]
[EventDate "2018.04.22"]
[EventType "swiss"]
[EventRounds "9"]
[EventCountry "ITA"]
[SourceTitle "CBM 184 Extra"]
[Source "ChessBase"]
[SourceDate "2018.06.28"]
[SourceVersion "1"]
[SourceVersionDate "2018.06.28"]
[SourceQuality "1"]

1. e4 c5 2. Nf3 d6 3. d4 cxd4 4. Qxd4 a6 5. Bc4 Nc6 6. Qe3 g6 7. 0-0 Bg7 8. Nc3 Nf6 9. h3 0-0 10. Bd2 Nd7 11. Rad1 Nc5 12. a3 Be6 13. Bd5 Rc8 14. b4 Nd7 15. Bxe6 fxe6 16. Ne2 Nde5 17. Nxe5 Nxe5 18. Qb3 Qd7 19. Bc3 b5 20. Bxe5 Bxe5 21. f4 Bg7 22. f5 Rc4 23. fxg6 hxg6 24. Rxf8+ Bxf8 25. Rf1 e5 26. Qf3 Bg7 27. Qf7+ Kh7 28. Ng3 Rxc2 29. Nf5 Qa7+ 30. Kh2 1-0

[Event "World Amateur-ch U2000"]
[Site "Cagliari"]
[Date "2018.04.24"]
[Round "4"]
[White "Natoli, Domenico P"]
[Black "Marincolo, Piercarlo"]
[Result "1-0"]
[WhiteElo "1781"]
[BlackElo "1998"]
[PlyCount "115"]
[EventDate "2018.04.22"]
[EventType "swiss"]
[EventRounds "9"]
[EventCountry "ITA"]
[SourceTitle "CBM 184 Extra"]
[Source "ChessBase"]
[SourceDate "2018.06.28"]
[SourceVersion "1"]
[SourceVersionDate "2018.06.28"]
[SourceQuality "1"]

1. d4 Nf6 2. c4 e6 3. Nc3 c5 4. d5 Bd6 5. Nf3 Bc7 6. Bg5 d6 7. e3 Ba5 8. Be2 exd5 9. cxd5 a6 10. 0-0 Bxc3 11. bxc3 0-0 12. a4 Re8 13. Qc2 Nbd7 14. c4 h6 15. Bh4 Qc7 16. a5 b5 17. axb6 Qxb6 18. Bd3 Ng4 19. Rfb1 Qc7 20. Bg3 Nge5 21. Nxe5 Nxe5 22. Bxe5 Rxe5 23. Qb3 Qe7 24. Qb6 Bd7 25. Rxa6 Rxa6 26. Qxa6 g6 27. Qa8+ Kg7 28. Qa1 Qf6 29. Re1 g5 30. g3 g4 31. Rb1 h5 32. Rb6 h4 33. gxh4 Kf8 34. Bc2 Qxh4 35. Rb8+ Kg7 36. Qa8 Qe7 37. Rg8+ Kf6 38. Qa1 Bf5 39. Bxf5 Kxf5 40. Qb1+ Re4 41. Qc2 Qe5 42. h4 Qe7 43. Rxg4 Kf6 44. Qc3+ Re5 45. Rf4+ Kg6 46. Qd3+ Kh6 47. Qe2 f5 48. Qf3 Qf6 49. Rg4 Qf7 50. Rg5 f4 51. Rxe5 dxe5 52. exf4 exf4 53. Qg4 Qf8 54. Kg2 Qb8 55. Qg5+ Kh7 56. Qe7+ Kh6 57. Qe6+ Kh5 58. Qf6 1-0

[Event "World Amateur-ch U2000"]
[Site "Cagliari"]
[Date "2018.04.23"]
[Round "3"]
[White "Marincolo, Piercarlo"]
[Black "Johnson, Frank Arthur Jr"]
[Result "0-1"]
[WhiteElo "1998"]
[BlackElo "1781"]
[PlyCount "188"]
[EventDate "2018.04.22"]
[EventType "swiss"]
[EventRounds "9"]
[EventCountry "ITA"]
[SourceTitle "CBM 184 Extra"]
[Source "ChessBase"]
[SourceDate "2018.06.28"]
[SourceVersion "1"]
[SourceVersionDate "2018.06.28"]
[SourceQuality "1"]

1. d4 g6 2. e4 Bg7 3. Nc3 d6 4. Nf3 Nf6 5. Be2 0-0 6. 0-0 Nbd7 7. Re1 c5 8. Bf1 cxd4 9. Nxd4 Nc5 10. h3 Qb6 11. Rb1 Bd7 12. Be3 Qd8 13. f3 a6 14. Qd2 Re8 15. Rbd1 b5 16. Nd5 Nxd5 17. exd5 Rc8 18. b3 e5 19. dxe6 Nxe6 20. c4 Qh4 21. Nxe6 Bxe6 22. Bf2 Qe7 23. Qxd6 Qxd6 24. Rxd6 bxc4 25. bxc4 a5 26. a4 Bc3 27. Rc1 Bb4 28. Rdd1 Ba3 29. Rc2 Bf5 30. Ra2 Bb4 31. Rc1 Be6 32. Raa1 Red8 33. c5 Bd2 34. Rd1 Bb3 35. Rdb1 Bc3 36. Ra3 Bc2 37. Rb7 Bb4 38. Ra2 Bb3 39. Ra1 Bd5 40. Rb5 Bc6 41. Rb6 Rd2 42. Ba6 Rc7 43. Be3 Rc2 44. Bd3 Bxc5 45. Rb8+ Kg7 46. Bxc2 Bxe3+ 47. Kf1 Bxf3 48. gxf3 Rxc2 49. Ra3 Bf4 50. Rb5 Bd2 51. Rd3 Bb4 52. Rb7 Rc6 53. Rdd7 Rf6 54. Ke2 g5 55. Rb5 Kg6 56. Rd4 Bc3 57. Rg4 h6 58. h4 Re6+ 59. Kd3 f5 60. Rc4 Bb4 61. hxg5 hxg5 62. Rd4 Rc6 63. Rdd5 Rf6 64. Ke2 Bc3 65. Kf2 Bb4 66. Rb8 Rc6 67. Rg8+ Kf6 68. Rh8 Kg7 69. Rdd8 Rc2+ 70. Ke3 Ra2 71. Rdg8+ Kf7 72. Kd4 Rxa4 73. Kd5 Bc3 74. Rf8+ Kg7 75. Rhg8+ Kh6 76. Rxf5 Bd2 77. Rf7 Rb4 78. Ra7 Rb6 79. Ke5 Rb5+ 80. Ke4 Rb6 81. Kf5 Rb5+ 82. Kg4 Rb4+ 83. Kh3 Rb6 84. Rc8 Kg6 85. Rc4 Bb4 86. Kg4 Rd6 87. Rb7 Bd2 88. Rb5 Ra6 89. Rc2 Bf4 90. Ra2 a4 91. Rb4 a3 92. Rb3 Bd6 93. Rd3 Ra4+ 94. f4 Rxf4+ 0-1

[Event "World Amateur-ch U2000"]
[Site "Cagliari"]
[Date "2018.04.23"]
[Round "2"]
[White "Tardi, Oscar"]
[Black "Marincolo, Piercarlo"]
[Result "1-0"]
[WhiteElo "1797"]
[BlackElo "1998"]
[PlyCount "109"]
[EventDate "2018.04.22"]
[EventType "swiss"]
[EventRounds "9"]
[EventCountry "ITA"]
[SourceTitle "CBM 184 Extra"]
[Source "ChessBase"]
[SourceDate "2018.06.28"]
[SourceVersion "1"]
[SourceVersionDate "2018.06.28"]
[SourceQuality "1"]

1. b3 Nf6 2. Bb2 e6 3. e3 b6 4. Nf3 Bb7 5. Be2 Be7 6. 0-0 d6 7. d4 Nbd7 8. c4 c5 9. Nc3 a6 10. Nd2 Qc7 11. Rc1 h5 12. Bf3 Rd8 13. Bxb7 Qxb7 14. Qf3 Qb8 15. Nde4 Rh6 16. Ng5 Kf8 17. Rfd1 Kg8 18. h4 Rf8 19. d5 e5 20. g3 Qd8 21. Nce4 Nxe4 22. Nxe4 f5 23. Nd2 Nf6 24. Qe2 Rg6 25. Kf1 Ng4 26. Nf3 e4 27. Ng1 Bxh4 28. Ke1 Bg5 29. Kd2 b5 30. Nh3 Rf7 31. cxb5 Qa5+ 32. Kc2 axb5 33. Qd2 Qa6 34. Rh1 Rc7 35. Nf4 Bxf4 36. gxf4 c4 37. Kb1 Rh6 38. bxc4 bxc4 39. Rc2 h4 40. Rh3 c3 41. Rxc3 Rxc3 42. Qxc3 Qf1+ 43. Kc2 Qxf2+ 44. Kb3 Rf6 45. Qc8+ Rf8 46. Qe6+ Kh7 47. Qxd6 Rc8 48. a4 Qc2+ 49. Ka3 Qd3+ 50. Kb4 Rc4+ 51. Ka5 Qb3 52. Rxh4+ Nh6 53. Rxh6+ gxh6 54. Qe7+ Kg6 55. Qe8+ 1-0

[Event "Milan Crespi op-A 34th"]
[Site "Milan"]
[Date "2013.12.08"]
[Round "7"]
[White "Marincolo, Piercarlo"]
[Black "Tagliaferri, Valerio"]
[Result "1/2-1/2"]
[WhiteElo "1905"]
[BlackElo "1874"]
[PlyCount "86"]
[EventDate "2013.12.04"]
[EventType "swiss"]
[EventRounds "7"]
[EventCountry "ITA"]
[SourceTitle "EXT 2024"]
[Source "ChessBase"]
[SourceDate "2023.10.10"]
[SourceVersion "1"]
[SourceVersionDate "2023.10.10"]
[SourceQuality "1"]

1. e4 c6 2. c4 d5 3. cxd5 cxd5 4. exd5 Nf6 5. Nc3 Nxd5 6. Bc4 Nb6 7. Bb3 Nc6 8. Nge2 Bf5 9. 0-0 e6 10. d4 Be7 11. Be3 0-0 12. Ng3 Bg6 13. a4 Na5 14. Ba2 Nac4 15. Qe2 Nxe3 16. fxe3 Qd7 17. a5 Nd5 18. Nce4 b6 19. Bc4 Bb4 20. axb6 axb6 21. Rac1 Ra5 22. Nc3 Bd6 23. Nge4 Nxc3 24. Nxc3 Rh5 25. g3 Qb7 26. e4 Bb4 27. Rf4 Ra5 28. e5 Qd7 29. h4 h5 30. Qg2 Rfa8 31. g4 Ra1 32. Rcf1 Rxf1+ 33. Bxf1 Ra1 34. Qf2 Bxc3 35. bxc3 Bd3 36. Qg2 hxg4 37. Qxg4 Rxf1+ 38. Rxf1 Bxf1 39. Kxf1 Qb5+ 40. Qe2 Qb1+ 41. Qe1 Qf5+ 42. Ke2 Qc2+ 43. Ke3 b5 1/2-1/2

[Event "Milan Crespi op-A 34th"]
[Site "Milan"]
[Date "2013.12.07"]
[Round "4"]
[White "Laurino, Alberto"]
[Black "Marincolo, Piercarlo"]
[Result "0-1"]
[WhiteElo "1787"]
[BlackElo "1905"]
[PlyCount "66"]
[EventDate "2013.12.04"]
[EventType "swiss"]
[EventRounds "7"]
[EventCountry "ITA"]
[SourceTitle "EXT 2024"]
[Source "ChessBase"]
[SourceDate "2023.10.10"]
[SourceVersion "1"]
[SourceVersionDate "2023.10.10"]
[SourceQuality "1"]

1. e4 c5 2. Nf3 e6 3. d4 cxd4 4. Nxd4 a6 5. Nc3 Qc7 6. a3 Nf6 7. Bd3 Bc5 8. Nf3 Nc6 9. 0-0 Ng4 10. Ne2 b5 11. Bf4 Qb6 12. Bg3 Bb7 13. h3 Nh6 14. Bf4 0-0-0 15. Bxh6 gxh6 16. Qd2 Rdg8 17. Nf4 Qc7 18. Kh1 Bd6 19. Nh5 f5 20. exf5 exf5 21. Bxf5 Ne5 22. Nh4 Rg5 23. Ng3 Nc4 24. Qc1 Bxg3 25. fxg3 Qxg3 26. Bxd7+ Kxd7 27. Qd1+ Kc8 28. Qe2 Qxh3+ 29. Kg1 Qxh4 30. Qe6+ Kb8 31. Rf2 Rhg8 32. Kf1 Rxg2 33. Rxg2 Qh1+ 0-1

[Event "Milan Crespi op-A 34th"]
[Site "Milan"]
[Date "2013.12.06"]
[Round "3"]
[White "Marincolo, Piercarlo"]
[Black "Dogic, Mirhad"]
[Result "1-0"]
[WhiteElo "1905"]
[BlackElo "1801"]
[PlyCount "73"]
[EventDate "2013.12.04"]
[EventType "swiss"]
[EventRounds "7"]
[EventCountry "ITA"]
[SourceTitle "EXT 2024"]
[Source "ChessBase"]
[SourceDate "2023.10.10"]
[SourceVersion "1"]
[SourceVersionDate "2023.10.10"]
[SourceQuality "1"]

1. e4 e6 2. d4 d5 3. Nc3 Ne7 4. Nf3 Ng6 5. h4 Nc6 6. h5 Nge7 7. e5 b6 8. a3 Bb7 9. Bd3 Nf5 10. Bxf5 exf5 11. Qd3 Qd7 12. Bf4 0-0-0 13. Kd2 Re8 14. Rhe1 h6 15. b4 Be7 16. Nd1 Bg5 17. g3 Kb8 18. Rc1 Bxf4+ 19. gxf4 Nd8 20. Rg1 Rhg8 21. Ne3 Bc8 22. c4 dxc4 23. Qxc4 Bb7 24. d5 c6 25. d6 Qe6 26. Nh4 Qxc4 27. Rxc4 g6 28. hxg6 fxg6 29. Rxg6 b5 30. Rd4 Rxg6 31. Nxg6 Ne6 32. d7 Rd8 33. Rd6 c5 34. Rxe6 Rxd7+ 35. Rd6 Rxd6+ 36. exd6 cxb4 37. axb4 1-0

[Event "Milan Crespi op-A 34th"]
[Site "Milan"]
[Date "2013.12.05"]
[Round "2"]
[White "Villalba, Fernando"]
[Black "Marincolo, Piercarlo"]
[Result "1/2-1/2"]
[WhiteElo "1835"]
[BlackElo "1905"]
[PlyCount "58"]
[EventDate "2013.12.04"]
[EventType "swiss"]
[EventRounds "7"]
[EventCountry "ITA"]
[SourceTitle "EXT 2024"]
[Source "ChessBase"]
[SourceDate "2023.10.10"]
[SourceVersion "1"]
[SourceVersionDate "2023.10.10"]
[SourceQuality "1"]

1. d4 Nf6 2. Nf3 e6 3. Bf4 d5 4. e3 Nbd7 5. c3 Ne4 6. Be2 Be7 7. h3 g5 8. Bh2 h5 9. Nbd2 f5 10. Nxe4 dxe4 11. Ne5 Nf6 12. Ng6 Rh7 13. Be5 h4 14. f4 exf3 15. Bxf3 c6 16. Qb3 Nd5 17. Bxd5 exd5 18. Nxe7 Qxe7 19. 0-0-0 a5 20. Qc2 b5 21. Rhf1 Rf7 22. Rf2 Be6 23. Rdf1 Qd7 24. a3 Ke7 25. g3 hxg3 26. Bxg3 Rh8 27. Rh1 Kd8 28. Be5 Rh5 29. Qe2 g4 1/2-1/2

[Event "Milan Crespi op-B 33rd"]
[Site "Milan"]
[Date "2012.12.07"]
[Round "3"]
[White "Ceka, Shpetim"]
[Black "Marincolo, Piercarlo"]
[Result "1-0"]
[WhiteElo "1862"]
[BlackElo "1950"]
[PlyCount "91"]
[EventDate "2012.12.05"]
[EventType "swiss"]
[EventRounds "7"]
[EventCountry "ITA"]
[SourceTitle "EXT 2015"]
[Source "ChessBase"]
[SourceDate "2014.11.20"]
[SourceVersion "1"]
[SourceVersionDate "2014.11.20"]
[SourceQuality "1"]

1. e4 c5 2. Nc3 Nc6 3. Bc4 e6 4. f4 a6 5. a4 Bd6 6. e5 Bc7 7. Qg4 g6 8. Nf3 Nh6 9. Qh3 Nf5 10. Ne4 Qe7 11. Nf6+ Kd8 12. c3 d5 13. Bd3 Bd7 14. 0-0 Bb6 15. Kh1 h6 16. Nh4 Nxh4 17. Qxh4 Kc7 18. Qe1 g5 19. f5 c4 20. Bc2 Na5 21. Qd1 Bc6 22. b4 cxb3 23. Bxb3 exf5 24. d4 Qe6 25. Rb1 Rad8 26. Bc2 f4 27. Ba3 Nc4 28. Qc1 h5 29. Rf3 Ba7 30. h4 Nxe5 31. hxg5 Nxf3 32. Qxf4+ Rd6 33. Bf5 Qe7 34. gxf3 Bb8 35. Qd2 Kd8 36. Re1 Qc7 37. Re5 Re6 38. Bxe6 fxe6 39. g6 Qg7 40. Qg5 Bxe5 41. Qxe5 Kc8 42. Qxe6+ Bd7 43. Qf7 Qxf7 44. gxf7 Be6 45. f8Q+ Rxf8 46. Bxf8 1-0

[Event "Milan Crespi op-B 31th"]
[Site "Milan"]
[Date "2010.12.08"]
[Round "7"]
[White "Marincolo, Piercarlo"]
[Black "Ciciotti, Augusto Walter"]
[Result "1/2-1/2"]
[WhiteElo "1953"]
[BlackElo "1909"]
[PlyCount "176"]
[EventDate "2010.12.04"]
[EventType "swiss"]
[EventRounds "7"]
[EventCountry "ITA"]
[SourceTitle "EXT 2024"]
[Source "ChessBase"]
[SourceDate "2023.10.10"]
[SourceVersion "1"]
[SourceVersionDate "2023.10.10"]
[SourceQuality "1"]

1. e4 c5 2. Nf3 d6 3. d4 cxd4 4. Nxd4 Nf6 5. Nc3 g6 6. Be2 Bg7 7. 0-0 0-0 8. Be3 Nc6 9. Kh1 a6 10. a4 Nxd4 11. Bxd4 Be6 12. f4 Qc7 13. Nd5 Bxd5 14. exd5 Rac8 15. c4 Nd7 16. Bxg7 Kxg7 17. Qd4+ Kg8 18. b4 Qb6 19. Qd2 Nf6 20. Qd3 Rc7 21. Rfb1 Rfc8 22. a5 Qf2 23. Rf1 Qh4 24. g3 Qh3 25. Qd1 h5 26. Rc1 Ne4 27. Rf3 Nf6 28. Bf1 Qf5 29. Bd3 Qh3 30. f5 g5 31. Qd2 Qg4 32. Rcf1 Rxc4 33. Bxc4 Rxc4 34. Qe3 Nxd5 35. Qa7 Rxb4 36. Qb8+ Kg7 37. Qd8 Qe4 38. Kg1 g4 39. f6+ exf6 40. Rxf6 Qd4+ 41. R6f2 Qe3 42. Qxd6 Rd4 43. Qd7 Nf4 44. Qxb7 Nh3+ 45. Kg2 Nxf2 46. Rxf2 Qe4+ 47. Qxe4 Rxe4 48. Rf5 Kg6 49. Rc5 Re2+ 50. Kg1 Re1+ 51. Kf2 Rh1 52. Rc6+ f6 53. Kg2 Ra1 54. Rxa6 Ra2+ 55. Kg1 Kf5 56. Kh1 Ke5 57. Kg1 f5 58. Rh6 Ra1+ 59. Kf2 Ra2+ 60. Ke3 Rxa5 61. Rxh5 Ra3+ 62. Kf2 Ke4 63. Kf1 Ra2 64. Kg1 f4 65. Rb5 f3 66. Rb4+ Ke3 67. Rb1 Rg2+ 68. Kh1 Rd2 69. Kg1 Ke2 70. Rf1 Rd1 71. Rxd1 Kxd1 72. Kf2 Kd2 73. h4 gxh3 74. Kxf3 Kd3 75. g4 h2 76. Kg2 h1Q+ 77. Kxh1 Ke4 78. Kh2 Kf4 79. Kh3 Kg5 80. Kg3 Kf6 81. Kf4 Kg6 82. g5 Kg7 83. Kf5 Kf7 84. g6+ Kg8 85. Kg5 Kg7 86. Kh5 Kg8 87. Kg4 Kg7 88. Kg5 Kg8 1/2-1/2

[Event "Milan Crespi op-B 31th"]
[Site "Milan"]
[Date "2010.12.06"]
[Round "4"]
[White "Marincolo, Piercarlo"]
[Black "Guzzetti, Luigi Enrico"]
[Result "0-1"]
[WhiteElo "1953"]
[BlackElo "1889"]
[PlyCount "128"]
[EventDate "2010.12.04"]
[EventType "swiss"]
[EventRounds "7"]
[EventCountry "ITA"]
[SourceTitle "EXT 2024"]
[Source "ChessBase"]
[SourceDate "2023.10.10"]
[SourceVersion "1"]
[SourceVersionDate "2023.10.10"]
[SourceQuality "1"]

1. d4 Nf6 2. Nc3 g6 3. e4 d6 4. Bg5 Bg7 5. Bc4 c6 6. Nge2 0-0 7. h4 Qa5 8. Qd2 b5 9. Bxf6 exf6 10. Bb3 Re8 11. f3 b4 12. Na4 Be6 13. h5 Na6 14. hxg6 fxg6 15. d5 cxd5 16. Nd4 Bf7 17. 0-0-0 dxe4 18. Nc6 Qc7 19. Bxf7+ Qxf7 20. fxe4 Qxa2 21. Qd5+ Qxd5 22. Rxd5 Rxe4 23. Rxd6 Nc7 24. Rd7 Nb5 25. Nc5 Re2 26. Ne7+ Kf8 27. Rxh7 Rxe7 28. Rxe7 Kxe7 29. Rxg7+ Kd6 30. Nd3 g5 31. Nxb4 a5 32. Nd3 a4 33. Rb7 a3 34. bxa3 Nxa3 35. Rb6+ Ke7 36. Rb3 Nc4 37. Rb7+ Kd6 38. Nf2 f5 39. Kb1 Ke5 40. Rb5+ Ke6 41. Rb4 Ne3 42. g3 Rc8 43. Ne4 g4 44. Nf2 Nxc2 45. Rb6+ Kf7 46. Nd3 Na3+ 47. Ka2 Nc4 48. Rb4 Ne3 49. Rb7+ Kf6 50. Rb6+ Ke7 51. Nf4 Kd7 52. Rf6 Rc5 53. Rh6 Nf1 54. Kb3 Nxg3 55. Nd3 Rc7 56. Ne5+ Kc8 57. Nxg4 fxg4 58. Rg6 Rb7+ 59. Kc4 Nf5 60. Rg5 Rf7 61. Kd5 g3 62. Kc6 Kd8 63. Kd5 Ke7 64. Ke4 Rg7 0-1

[Event "Milan Crespi op-B 31th"]
[Site "Milan"]
[Date "2010.12.05"]
[Round "3"]
[White "Cattaneo, Marco"]
[Black "Marincolo, Piercarlo"]
[Result "1/2-1/2"]
[WhiteElo "1852"]
[BlackElo "1953"]
[PlyCount "87"]
[EventDate "2010.12.04"]
[EventType "swiss"]
[EventRounds "7"]
[EventCountry "ITA"]
[SourceTitle "EXT 2024"]
[Source "ChessBase"]
[SourceDate "2023.10.10"]
[SourceVersion "1"]
[SourceVersionDate "2023.10.10"]
[SourceQuality "1"]

1. d4 Nf6 2. Nf3 d5 3. c4 c6 4. Nc3 e6 5. e3 a6 6. b3 Bb4 7. Bd2 0-0 8. Bd3 Nbd7 9. 0-0 c5 10. cxd5 exd5 11. Rc1 Re8 12. Na4 Bxd2 13. Qxd2 cxd4 14. Nxd4 Ne5 15. Bb1 Bd7 16. Nc5 b6 17. Nxd7 Qxd7 18. Rfd1 Rac8 19. Rxc8 Qxc8 20. Ne2 Qb8 21. h3 g6 22. Nf4 Rd8 23. Qe2 a5 24. Nd3 Ne4 25. Qb2 Nxd3 26. Bxd3 Nc5 27. Be2 Rd6 28. Bf3 Qd8 29. Qe5 f6 30. Bxd5+ Kg7 31. Qd4 Ne6 32. Qc4 f5 33. Rd3 Nc7 34. Qc3+ Kh6 35. Bc4 b5 36. Rxd6 Qxd6 37. Be2 b4 38. Qc4 Ne6 39. Qb5 Qd2 40. Bc4 Ng5 41. Qe5 Qxa2 42. h4 Ne4 43. Qf4+ Kg7 44. Qc7+ 1/2-1/2

[Event "Bagnara Calabra op-A"]
[Site "Bagnara Calabra"]
[Date "2009.01.06"]
[Round "7"]
[White "Georgiev, Vladimir"]
[Black "Marincolo, Piercarlo"]
[Result "1-0"]
[WhiteElo "2523"]
[BlackElo "1933"]
[PlyCount "59"]
[EventDate "2009.01.02"]
[EventType "swiss"]
[EventRounds "7"]
[EventCountry "ITA"]
[SourceTitle "CBM 128 Extra"]
[Source "ChessBase"]
[SourceDate "2009.03.05"]
[SourceVersion "2"]
[SourceVersionDate "2009.03.25"]
[SourceQuality "1"]

1. d4 d5 2. c4 c6 3. Nf3 Nf6 4. Qb3 e6 5. Bg5 Be7 6. e3 Nbd7 7. Nc3 Qb6 8. Qc2 0-0 9. Bd3 Re8 10. 0-0 h6 11. Bh4 a6 12. c5 Qd8 13. b4 Nh5 14. Bxe7 Qxe7 15. Ne5 f5 16. f4 Nhf6 17. h3 Ne4 18. Bxe4 dxe4 19. a4 Nxe5 20. dxe5 Bd7 21. Rfd1 Red8 22. Rd6 Be8 23. Rad1 a5 24. Qb3 Kf7 25. Ne2 axb4 26. Nd4 Rxd6 27. exd6 Qf6 28. Qxb4 Rb8 29. a5 Qd8 30. Rb1 1-0

[Event "Bagnara Calabra op-A"]
[Site "Bagnara Calabra"]
[Date "2009.01.05"]
[Round "6"]
[White "Marincolo, Piercarlo"]
[Black "Blasco, Domenico"]
[Result "1-0"]
[WhiteElo "1933"]
[BlackElo "2011"]
[PlyCount "99"]
[EventDate "2009.01.02"]
[EventType "swiss"]
[EventRounds "7"]
[EventCountry "ITA"]
[SourceTitle "CBM 128 Extra"]
[Source "ChessBase"]
[SourceDate "2009.03.05"]
[SourceVersion "2"]
[SourceVersionDate "2009.03.25"]
[SourceQuality "1"]

1. e4 g6 2. d4 Bg7 3. Nc3 d6 4. Be3 a6 5. Qd2 b5 6. f3 Nd7 7. h4 h5 8. Nh3 Bb7 9. Be2 c5 10. Ng5 Rc8 11. a3 Ngf6 12. 0-0 0-0 13. Rfd1 Qc7 14. Bf1 Nb6 15. Qf2 b4 16. Na2 bxa3 17. bxa3 Nfd7 18. c3 e5 19. d5 Nf6 20. Rab1 Rb8 21. Qc2 Bc8 22. Rb2 Bd7 23. Rdb1 a5 24. Bb5 Bxb5 25. Rxb5 Nc4 26. Bc1 Rxb5 27. Rxb5 Nb6 28. c4 Rb8 29. a4 Nh7 30. Bd2 Nxg5 31. hxg5 Qe7 32. Qb3 Qa7 33. Bxa5 Nd7 34. Rxb8+ Nxb8 35. Qb5 Na6 36. Bd8 Nb4 37. Nc3 Bf8 38. a5 Kg7 39. Qb6 Qa6 40. Nb5 h4 41. Qxa6 Nxa6 42. Nc7 Nb4 43. a6 Nxa6 44. Nxa6 f5 45. gxf6+ Kf7 46. Nb8 Ke8 47. Be7 Bxe7 48. fxe7 Kxe7 49. Nc6+ Kf6 50. Kf2 1-0

[Event "San Nicola Arcella op 1st"]
[Site "San Nicola Arcella"]
[Date "2007.09.20"]
[Round "6"]
[White "Caporale, Giuseppe Guido"]
[Black "Marincolo, Piercarlo"]
[Result "1-0"]
[WhiteElo "1850"]
[BlackElo "1760"]
[PlyCount "125"]
[EventDate "2007.09.16"]
[EventType "swiss"]
[EventRounds "9"]
[EventCountry "ITA"]
[SourceTitle "EXT 2009"]
[Source "ChessBase"]
[SourceDate "2008.11.26"]
[SourceVersion "1"]
[SourceVersionDate "2008.11.26"]
[SourceQuality "1"]

1. e4 c5 2. Nf3 d6 3. d4 cxd4 4. Nxd4 Nf6 5. Nc3 a6 6. Bc4 e6 7. Bb3 Be7 8. 0-0 Nbd7 9. Bxe6 fxe6 10. Nxe6 Qa5 11. Nxg7+ Kf7 12. Nf5 Qe5 13. f4 Qe6 14. Qe2 Re8 15. h3 Bf8 16. Nd4 Qe7 17. Qc4+ d5 18. Nxd5 Qc5 19. Ne3+ Qxc4 20. Nxc4 Rxe4 21. c3 Bc5 22. Kh2 b5 23. Nd2 Re8 24. N2f3 Bb7 25. g4 Ne4 26. h4 Kg8 27. Kh3 h5 28. g5 Bc8 29. Kh2 Nd6 30. Bd2 Bxd4 31. Nxd4 Nc5 32. Rae1 Rf8 33. Re5 Nce4 34. Bc1 Bf5 35. Nc6 Kg7 36. Be3 Nc4 37. Re7+ Rf7 38. Bd4+ Kg6 39. Re1 Rc8 40. Rxf7 Kxf7 41. Ne5+ Nxe5 42. Bxe5 Rd8 43. Bd4 a5 44. Kg2 b4 45. Kf3 Nd2+ 46. Ke2 Nc4 47. b3 bxc3 48. Bxc3 Nd6 49. Rc1 Rc8 50. Bb2 Rxc1 51. Bxc1 Nb5 52. Bd2 Bb1 53. Bxa5 Bxa2 54. b4 Ke6 55. Ke3 Kf5 56. Bb6 Nc3 57. Bc5 Nd5+ 58. Kd2 Kxf4 59. b5 Nc7 60. Bd6+ Kg4 61. Bxc7 Be6 62. b6 Bc8 63. g6 1-0

[Event "San Nicola Arcella op 1st"]
[Site "San Nicola Arcella"]
[Date "2007.09.16"]
[Round "1"]
[White "Bentivegna, Francesco"]
[Black "Marincolo, Piercarlo"]
[Result "1-0"]
[WhiteElo "2277"]
[BlackElo "1760"]
[PlyCount "133"]
[EventDate "2007.09.16"]
[EventType "swiss"]
[EventRounds "9"]
[EventCountry "ITA"]
[SourceTitle "EXT 2009"]
[Source "ChessBase"]
[SourceDate "2008.11.26"]
[SourceVersion "1"]
[SourceVersionDate "2008.11.26"]
[SourceQuality "1"]

1. d4 d5 2. c4 c6 3. Nc3 Nf6 4. Bg5 e6 5. cxd5 exd5 6. e3 Bf5 7. Qf3 Bg6 8. Bxf6 Qxf6 9. Qxf6 gxf6 10. h4 Nd7 11. h5 Bf5 12. f3 Rg8 13. g4 Be6 14. Bd3 h6 15. Nge2 Nb6 16. Kf2 Bd6 17. Rhg1 0-0-0 18. Ng3 Rde8 19. Nf5 Bxf5 20. Bxf5+ Kb8 21. Bd3 Bc7 22. b4 Bd6 23. Rab1 Re6 24. a4 a6 25. e4 dxe4 26. fxe4 Rd8 27. a5 Nc8 28. Bc4 Re7 29. Kf3 Rc7 30. Rgc1 Be7 31. Ne2 Nd6 32. Ba2 Nb5 33. Bxf7 Bxb4 34. Rxb4 Rxf7 35. Rb2 Rfd7 36. Rd2 Rd6 37. Ke3 Re8 38. Kf4 Rde6 39. Ng3 Nd6 40. Re1 Kc7 41. Kf3 Rd8 42. Rd3 Nb5 43. Nf5 Rg8 44. d5 cxd5 45. Rc1+ Kb8 46. exd5 Re5 47. d6 Rd8 48. d7 Na7 49. Nxh6 Re7 50. Nf5 Rexd7 51. Rxd7 Rxd7 52. h6 Nc6 53. Ng7 Rd8 54. Re1 Ne5+ 55. Kg3 Rh8 56. Rh1 Nf7 57. Nf5 Kc7 58. Kf4 b6 59. axb6+ Kxb6 60. Ke4 a5 61. Kd5 Ng5 62. Rb1+ Ka6 63. Kc6 a4 64. Nd6 a3 65. Rb6+ Ka5 66. Nb7+ Ka4 67. Nc5+ 1-0